STN ISO 16269-6: 2007 (01 0233), Štatistická interpretácia dát Časť 6 Stanovenie štatistických tolerančných intervalov
Norma obsahuje slovenskú verziu ISO 16269-6: 2005
| Other Authors: | , |
|---|---|
| Format: | Book |
| Language: | Slovak English |
| PhysicalDescription: | 32 s. tab. 30 cm |
| Published: |
Bratislava
Slovenský ústav technickej normalizácie
2007
|
| Subjects: |
MARC
| LEADER | 00000cam a2200000 a 4500 | ||
|---|---|---|---|
| 001 | vtls009809775 | ||
| 003 | SK-MaSNL | ||
| 005 | 20260301211937.0 | ||
| 008 | 090726s2007 xo a fru 000 0 slo | ||
| 015 | |a SNBN2014 | ||
| 020 | |c (cen. skup. 13) | ||
| 035 | |a (SVKBBclas03)vtls000274987 | ||
| 040 | |a SNK |b slo |c SNK |e AACR2 | ||
| 041 | 1 | |a slo |a eng |h eng | |
| 044 | |a xo |c SK | ||
| 046 | |a s |m 200709 (účin.) | ||
| 072 | 7 | |a 311 |x Štatistika |2 konspekt | |
| 072 | 7 | |a 005 |x Manažment. Riadenie |2 konspekt | |
| 072 | 7 | |a 519 |x Kombinatorika. Teória grafov. Matematická štatistika. Operačný výskum. Matematické modelovanie |2 konspekt | |
| 080 | |a 005.6 |2 2001 | ||
| 080 | |a 519.23/.24 |2 2001 | ||
| 080 | |a 006.7/.8 |2 2001 | ||
| 080 | |a 100(ISO) |2 2001 | ||
| 080 | |a (437.6) |2 2001 | ||
| 080 | |a (083.74) |2 2001 | ||
| 080 | |a 311+519.2 |2 2001 | ||
| 084 | |a 03.120.30 |2 ICS | ||
| 130 | 0 | |a STN 01 0233 (STN ISO 16269-6) |9 596572 | |
| 245 | 1 | 0 | |a STN ISO 16269-6: 2007 (01 0233), Štatistická interpretácia dát |n Časť 6 |p Stanovenie štatistických tolerančných intervalov |
| 246 | 1 | 0 | |a Stanovenie štatistických tolerančných intervalov |
| 246 | 3 | 0 | |a ISO 16269-6: 2005 |
| 246 | 1 | 0 | |a Štatistická interpretácia dát |
| 260 | |a Bratislava |b Slovenský ústav technickej normalizácie |c 2007 | ||
| 300 | |a 32 s. |b tab. |c 30 cm | ||
| 500 | |a Od 1.9.2007 nahrádza v celom rozsahu STN ISO 3207 z apríla 1993 | ||
| 500 | |a Súbežný názov v angličtine, francúzštine a nemčine | ||
| 504 | |a Citované normy s. 2; literatúra s. 32 | ||
| 520 | 8 | |a Norma obsahuje slovenskú verziu ISO 16269-6: 2005 | |
| 540 | |a STN vydané na akomkoľvek nosiči sa môžu rozmnožovať a rozširovať iba so súhlasom určenej právnickej osoby |b SÚTN Bratislava |c zákon 264/1999 Z.z. | ||
| 546 | |a Terminológia, normatívne odkazy a literatúra aj v angličtine | ||
| 650 | 0 | 7 | |a štatistika |2 SVKBBPH |9 778 |
| 650 | 0 | 7 | |a štatistické metódy analýzy |2 SVKBBPH |9 596573 |
| 650 | 0 | 7 | |a technické normy a štandardy |z krajiny Európskej únie |2 SNKPH |9 289341 |
| 650 | 0 | 7 | |a technické normy a štandardy |z Slovensko |2 SNKPH |9 79594 |
| 655 | 7 | |a normy |2 SNKPH |9 70643 | |
| 700 | 1 | |a Janiga, Ivan |4 trl |9 10631 | |
| 700 | 1 | |a Halaj, Martin, |d 1966- |4 trl |9 210164 | |
| 710 | 2 | |a Slovenský ústav technickej normalizácie (Bratislava, Slovensko). |b Technická komisia č. 71 Aplikácie štatistických metód v riadení kvality |4 stn |9 407885 | |
| 730 | |a STN ISO 3207: 1993 |g neplatná od 1.9.2007 |9 596574 | ||
| 958 | |a OP | ||
| 958 | |a NB | ||
| 999 | |c 917113 |d 919043 | ||
| 952 | |a SNK |b SNK |y PREZ |7 0 |p 17A1119732 |o snkSTN ISO 16269-6 |i snk2014/24926 |8 0 |0 0 |1 0 |4 0 |d 2014-11-12 |l 0 |r 2026-02-24 08:04:15 |w 2026-02-24 | ||
| 952 | |a SNK |b SNK |y PREZ |7 0 |p 17A1119731 |o snkSTN ISO 16269-6 D1 |i snk2014/24927 |8 0 |0 0 |1 0 |4 0 |d 2014-11-12 |l 0 |r 2026-02-24 08:04:16 |w 2026-02-24 | ||


